[Event "WYb16"]
[Site "Belfort FRA"]
[Date "2005.07.25"]
[Round "7"]
[White "Huerga Leache,M"]
[Black "Spoelman,W"]
[Result "0-1"]
[WhiteElo "2176"]
[BlackElo "2365"]

1.e4 c5 2.Nf3 e6 3.d4 cxd4 4.Nxd4 Nc6 5.Nc3 Qc7 6.Be3 a6 7.Qd2 Nf6 8.O-O-O Bb4
9.f3 b5 10.Bf4 Ne5 11.Nc6 Bxc3 12.Qxc3 Nd3+ 13.cxd3 Qxf4+ 14.Kb1 Qc7 15.Na5 Qxc3
16.bxc3 d6 17.Kc2 Bd7 18.Kd2 Ke7 19.Rb1 Rhc8 20.Be2 Be8 21.Rhc1 Nd7 22.d4 g5
23.g3 e5 24.f4 f6 25.fxg5 fxg5 26.h4 Nf6 27.Ke3 Bg6 28.Bf3 g4 29.Bg2 Rc7
30.d5 Nxd5+ 31.exd5 Bxb1 32.Rxb1 Rxc3+ 33.Kf2 Rf8+ 34.Kg1 Rxg3 35.a4 bxa4
36.Rb7+ Kf6 37.Rb6 e4 38.Nc4 e3 39.Rxd6+ Kg7 40.Re6 a3 41.Rxa6 e2  0-1

[Event "Open A"]
[Site "Pardubice CZE"]
[Date "2005.07.25"]
[Round "4"]
[White "Varitski,I"]
[Black "Batakovs,O"]
[Result "1-0"]
[WhiteElo "2355"]
[BlackElo "2182"]

1.e4 c5 2.Nf3 e6 3.d4 cxd4 4.Nxd4 Nc6 5.Nc3 Qc7 6.f4 a6 7.Nf3 d6 8.Bd3 Nf6
9.O-O Be7 10.Kh1 O-O 11.Qe1 Nb4 12.Be3 Nxd3 13.cxd3 b5 14.Rc1 Qd8 15.h3 Bb7
16.Kh2 Rc8 17.a3 d5 18.e5 Nd7 19.b4 a5 20.Rb1 axb4 21.axb4 Nb8 22.Nxb5 Ba6
23.Na7 Bxd3 24.Nxc8 Qxc8 25.Rc1 Qb7 26.Rf2 Qxb4 27.Qxb4 Bxb4 28.Rb2 Na6 29.Rc6 Be7
30.Rb7 Bd8 31.Ra7 Nb4 32.Rc8 Na6 33.Raa8 Be7 34.Rxf8+ Bxf8 35.Bc1 Nc7 36.Rd8 Bb5
37.Nd4 Ba4 38.f5 exf5 39.Nxf5 Ne6 40.Rb8 g6 41.Ne7+ Kg7 42.Nxd5 h6 43.g4 Bc2
44.Nf6 Bd3 45.Ba3 Bc4 46.Bd6 Bd3 47.Nd7 Bxd6 48.exd6 f6 49.Nb6 Kf7 50.d7  1-0

[Event "Open A"]
[Site "Pardubice CZE"]
[Date "2005.07.25"]
[Round "4"]
[White "Pokorna,Reg"]
[Black "Vager,I"]
[Result "1-0"]
[WhiteElo "2377"]
[BlackElo "2232"]

1.e4 c5 2.Nf3 e6 3.d4 cxd4 4.Nxd4 Nc6 5.Nc3 Nf6 6.Nxc6 bxc6 7.e5 Nd5 8.Ne4 f5
9.exf6 Nxf6 10.Nd6+ Bxd6 11.Qxd6 Ba6 12.Bxa6 Qa5+ 13.Bd2 Qxa6 14.f3 Kf7 15.b3 e5
16.Bg5 Qa5+ 17.Kf2 Qb6+ 18.Be3 Qb8 19.Rad1 Qxd6 20.Rxd6 Rhe8 21.Re1 a6 22.Bc5 Re6
23.Rxe6 Kxe6 24.f4 e4 25.h3 h5 26.Ke3 Kf5 27.Bd6 h4 28.c4 Ke6 29.Be5 d5 30.cxd5+ cxd5
31.Rc1 Nd7 32.Rc6+ Ke7 33.Bd4 a5 34.Rg6 a4 35.Rxg7+ Kd6 36.Rg6+ Ke7 37.b4 Rc8
38.f5 Rc1 39.Re6+ Kf7 40.Rd6 Nb8 41.Rxd5 Re1+ 42.Kf4 Nc6 43.Bc5 e3 44.Bxe3 Nxb4
45.Rd7+ Ke8 46.Rd4 Nxa2 47.Bd2 Rd1 48.Kg5 a3 49.Kg4 Nc1 50.f6  1-0

[Event "WYg18"]
[Site "Belfort FRA"]
[Date "2005.07.26"]
[Round "8"]
[White "Majdan,J"]
[Black "Mongontuul,B"]
[Result "0-1"]
[WhiteElo "2219"]
[BlackElo "2391"]

1.e4 c5 2.Nf3 e6 3.d4 cxd4 4.Nxd4 Nc6 5.Nc3 d6 6.Be2 Nf6 7.O-O Be7 8.Be3 O-O
9.f4 Qc7 10.Kh1 a6 11.a4 Nxd4 12.Qxd4 e5 13.Qd2 exf4 14.Rxf4 Be6 15.Nd5 Bxd5
16.exd5 Nd7 17.Rc4 Qd8 18.Rb4 Rb8 19.a5 Re8 20.Bf1 h6 21.Ba7 Bg5 22.Qf2 Ra8
23.Rxb7 Nf6 24.Bxa6 Rxa7 25.Qxa7 Be3 26.Rb6 Ng4 27.Rf1 Nf2+ 28.Kg1 Qh4 29.g3 Ng4+
30.Kg2 Qxh2+ 31.Kf3 Ne5+ 32.Kxe3 Nc6+ 33.Kf3 Nxa7 34.Rb7 Qd2 35.Rh1 Ra8 36.Bf1  0-1

[Event "Open Dutch Championship"]
[Site "Dieren NED"]
[Date "2005.07.26"]
[Round "1"]
[White "Sprangers,R"]
[Black "Hofland,L"]
[Result "1/2-1/2"]
[WhiteElo "2130"]
[BlackElo "2289"]

1.e4 c5 2.Nf3 e6 3.d4 cxd4 4.Nxd4 Nc6 5.Nc3 a6 6.Be2 Nge7 7.O-O Nxd4 8.Qxd4 Nc6
9.Qd1 Qc7 10.f4 b5 11.Be3 d6 12.Bf3 Be7 13.Qe1 O-O 14.Qg3 Rd8 15.e5 d5 16.Rad1 Bb7
17.Ne2 a5 18.Qf2 Rdc8 19.Bb6 Qd7 20.Nc3 b4 21.Ne4 Ba6 22.Rfe1 Qb7 23.Nd6 Bxd6
24.exd6 Qd7 25.Bc7 Ne7 26.Bg4 f5 27.Bf3 Re8 28.dxe7 Qxc7 29.Rxe6 Bb7 30.Qb6 Rxe7
31.h3 Rc8 32.c4 bxc3 33.bxc3 Rd7 34.Rde1 Qxb6+ 35.Rxb6 Rc5 36.c4 Kf8 37.Reb1 Rcc7
38.R6b5 Bc6 39.Rb8+ Kf7 40.R1b6 g6 41.Rxc6 Rxc6 42.Bxd5+ Rxd5 43.cxd5 Rc2
44.Rb7+ Kf6 45.Rxh7 Rxa2 46.Ra7 a4 47.Kh2 Rd2 48.Ra6+ Kg7 49.Kg3 Rxd5 50.Kh4 Rd2
51.g3 Rd3 52.Rxa4 Rb3 53.g4 fxg4 54.hxg4 Rb5 55.Ra6 Rc5 56.Re6 g5+ 57.fxg5 Rc1
58.g6 Rc5 59.Rb6 Ra5 60.Kg3 Ra3+  1/2-1/2

[Event "Open A"]
[Site "Pardubice CZE"]
[Date "2005.07.26"]
[Round "5"]
[White "Anisimov,P"]
[Black "Satyapragyan,S"]
[Result "1-0"]
[WhiteElo "2492"]
[BlackElo "2397"]

1.e4 c5 2.Nf3 e6 3.d4 cxd4 4.Nxd4 Nc6 5.Nc3 Qc7 6.Be3 a6 7.Qd2 Nf6 8.O-O-O Bb4
9.f3 Ne7 10.Nde2 b5 11.Kb1 Ba5 12.Qd4 Nc6 13.Qc5 Bb4 14.Qg5 O-O 15.Qg3 Ne5
16.f4 Nc4 17.Bd4 Ne8 18.e5 f5 19.Nc1 Bb7 20.a3 Be7 21.N1a2 Rc8 22.Qf2 Rf7
23.Rg1 Bf8 24.Bd3 Qb8 25.g4 Ba8 26.gxf5 exf5 27.Qe2 Nc7 28.Qh5 g6 29.e6 Rg7
30.Bxg7 Bxg7 31.Rxg6 hxg6 32.Qxg6 Nxe6 33.Bxc4 bxc4 34.Rxd7 Re8 35.Nb4 a5
36.Na6 Qc8 37.Nc5 Bc6 38.Ra7 Qb8 39.Qf7+  1-0

[Event "WYb16"]
[Site "Belfort FRA"]
[Date "2005.07.27"]
[Round "9"]
[White "Lenderman,A"]
[Black "Spoelman,W"]
[Result "1-0"]
[WhiteElo "2378"]
[BlackElo "2365"]

1.e4 c5 2.d4 cxd4 3.Nf3 e6 4.Nxd4 Nc6 5.Nc3 Qc7 6.Be2 a6 7.a3 Nf6 8.Be3 Bd6
9.Qd2 Nxd4 10.Bxd4 Bf4 11.Be3 Be5 12.Bd4 Bf4 13.Qd3 e5 14.Be3 Bxe3 15.fxe3 b5
16.O-O-O Bb7 17.g4 h6 18.h4 Qc4 19.Qd6 Qe6 20.Qc7 Bc6 21.Rd6  1-0

[Event "WYb16"]
[Site "Belfort FRA"]
[Date "2005.07.27"]
[Round "9"]
[White "Olszewski,Mi"]
[Black "Vila Gazquez,Ja"]
[Result "1-0"]
[WhiteElo "2399"]
[BlackElo "2338"]

1.e4 c5 2.Nf3 e6 3.d4 cxd4 4.Nxd4 Nc6 5.Nc3 Qc7 6.Be2 a6 7.O-O Nf6 8.Be3 b5
9.Nxc6 dxc6 10.f4 Bb7 11.e5 Nd5 12.Nxd5 exd5 13.Bd3 g6 14.Qf3  1-0

[Event "Open A"]
[Site "Pardubice CZE"]
[Date "2005.07.27"]
[Round "6"]
[White "Kraemer,Mar"]
[Black "Batakovs,O"]
[Result "1/2-1/2"]
[WhiteElo "2377"]
[BlackElo "2182"]

1.e4 c5 2.Nf3 e6 3.d4 cxd4 4.Nxd4 Nc6 5.Nc3 Qc7 6.Be3 a6 7.Be2 Nf6 8.a3 Be7
9.f4 d6 10.g4 h6 11.h4 Nxd4 12.Qxd4 e5 13.Qd2 exf4 14.Bxf4 Be6 15.O-O-O O-O-O
16.g5 hxg5 17.hxg5 Rxh1 18.Rxh1 Nd7 19.Rh7 Bf8 20.Kb1 Qa5 21.Rh8 Qc5 22.Be3 Qc7
23.Bd4 Kb8 24.Qe3 Rc8 25.b3 Ne5 26.Kb2 Be7 27.Rh7 g6 28.Qd2 Qc6 29.Be3 Bd8
30.Rh8 Bb6 31.Rxc8+ Kxc8 32.Bf4 Qc5 33.Nd5 Bxd5 34.exd5 Qd4+ 35.Qxd4 Bxd4+
36.c3 Bf2 37.b4 Kd7 38.a4 Bh4 39.a5 f6 40.gxf6 Bxf6 41.Kb3 g5 42.Be3 g4 43.Bf4 Kc7
44.Kc2 b5 45.axb6+ Kxb6 46.Kd2 Bg7 47.Bg3 Bh6+ 48.Kc2 Be3 49.Bxe5 dxe5 50.Kd3 Bf4
51.c4 g3 52.Bf3 a5 53.c5+  1/2-1/2

[Event "Open A"]
[Site "Pardubice CZE"]
[Date "2005.07.27"]
[Round "6"]
[White "Zhigalko,A"]
[Black "Tunik,G"]
[Result "1/2-1/2"]
[WhiteElo "2526"]
[BlackElo "2446"]

1.e4 c5 2.Nf3 e6 3.d4 cxd4 4.Nxd4 Nc6 5.Nc3 Qc7 6.Be3 a6 7.Qd2 Nf6 8.O-O-O Bb4
9.f3 Ne7 10.Nde2 b5 11.Qe1 Ba5 12.Qf2 Rb8 13.Qg3 Qxg3 14.hxg3 d5 15.exd5 Nfxd5
16.Bd4 O-O 17.Nxd5 Nxd5 18.Nf4 Bb7 19.Bd3 h6 20.Be5 Bc7 21.Bxc7 Nxc7 22.Rhe1 Rfd8
23.Be4 Bxe4 24.Rxe4 Rxd1+ 25.Kxd1 Rd8+ 26.Nd3 f6 27.Kd2 Kf7 28.a4 e5 29.f4 exf4
30.gxf4 g5 31.axb5  1/2-1/2

[Event "Open A"]
[Site "Pardubice CZE"]
[Date "2005.07.28"]
[Round "7"]
[White "Rivera,D"]
[Black "Kim,Alex"]
[Result "0-1"]
[WhiteElo "2323"]
[BlackElo "2449"]

1.e4 c5 2.Nf3 e6 3.d4 cxd4 4.Nxd4 Nc6 5.Nc3 Qc7 6.Be2 Nf6 7.Be3 Be7 8.O-O O-O
9.f4 d6 10.Kh1 a6 11.Qe1 Nxd4 12.Bxd4 b5 13.a3 Bb7 14.Qg3 Bc6 15.Bd3 Rad8
16.Rae1 Qb7 17.b4 Qc7 18.e5 Nh5 19.Qh3 g6 20.Re3 Qb7 21.Ne4 dxe5 22.Bxe5 f5
23.Nc5 Bxc5 24.bxc5 Nf6 25.Rg3 Bd5 26.Qh4 Qf7 27.Rh3 Nd7 28.Bd4 Rc8 29.Qf2 Qe7
30.Qe3 e5 31.fxe5 Nxc5 32.e6 Nxd3 33.cxd3 Qxe6 34.Qh6 Rf7 35.Re3 Bxg2+ 36.Kg1 Qd5
37.Rfe1 Qxd4 38.Kxg2 Qd7 39.R1e2 f4 40.Rf3 Re8 41.Rxe8+ Qxe8 42.Kf2 Qe5 43.Qh4 g5
44.Qg4 Rc7 45.Kg2 h5  0-1

[Event "Open A"]
[Site "Pardubice CZE"]
[Date "2005.07.28"]
[Round "7"]
[White "Zinchenko,Ya"]
[Black "Jaracz,B"]
[Result "1-0"]
[WhiteElo "2493"]
[BlackElo "2251"]

1.e4 c5 2.Nf3 e6 3.d4 cxd4 4.Nxd4 Nc6 5.Nc3 Qc7 6.Be2 a6 7.O-O Nf6 8.Be3 Bb4
9.Na4 O-O 10.Nxc6 bxc6 11.f4 Be7 12.Bf3 d5 13.e5 Nd7 14.c4 Rb8 15.Rc1 Qb7
16.Rf2 Qb4 17.Ba7 Ra8 18.a3 Qb7 19.Bd4 a5 20.Rfc2 Qb3 21.cxd5 cxd5 22.Rc7 Qxd1+
23.Bxd1 Rd8 24.Be2 g5 25.Bb5 Rb8 26.Bxd7 Bxd7 27.Nb6  1-0

[Event "Open A"]
[Site "Pardubice CZE"]
[Date "2005.07.28"]
[Round "7"]
[White "Saric,A"]
[Black "Novak,Pa"]
[Result "1-0"]
[WhiteElo "2469"]
[BlackElo "2360"]

1.e4 c5 2.Nf3 Nc6 3.d4 cxd4 4.Nxd4 e6 5.Nc3 Qc7 6.Be3 a6 7.Bd3 Nf6 8.O-O Ne5
9.f4 Neg4 10.Bd2 Bc5 11.Ne2 e5 12.fxe5 Qxe5 13.Bf4 Bxd4+ 14.Kh1 Qc5 15.Nxd4 Qxd4
16.e5 Nf2+ 17.Rxf2 Qxf2 18.exf6 d6 19.fxg7 Rg8 20.Bh6 Qf6 21.Qh5 Be6 22.c3 O-O-O
23.Bxh7 Rxg7 24.Bxg7 Qxg7 25.Bf5 Rh8 26.Qf3 Qe5 27.Bxe6+ fxe6 28.h3 Rh5 29.Qf8+ Kc7
30.Qe7+ Kc6 31.Qe8+ Kb6 32.Qa4 Rf5 33.Qd4+ Qxd4 34.cxd4 Kc6 35.g4 Rf8 36.Kg2 Kd5
37.Rd1 Rf4 38.g5 Ke4 39.Rf1 Rh4 40.Kg3 Rh8 41.Rf4+ Kd3 42.h4 e5 43.dxe5 dxe5
44.Rf7 e4 45.Rd7+  1-0

[Event "Open A"]
[Site "Pardubice CZE"]
[Date "2005.07.28"]
[Round "7"]
[White "Sandipan,C"]
[Black "Geller,J"]
[Result "1/2-1/2"]
[WhiteElo "2560"]
[BlackElo "2469"]

1.e4 c5 2.Nf3 e6 3.d4 cxd4 4.Nxd4 Nc6 5.Nc3 Qc7 6.Be2 a6 7.O-O Nf6 8.Be3 Bb4
9.Na4 Be7 10.Nxc6 bxc6 11.Nb6 Rb8 12.Nxc8 Qxc8 13.Bd4 c5 14.Be5 Rb6 15.b3 O-O
16.Bd3 d6 17.Bb2 Nd7 18.Qe2 Ne5 19.f4 Nxd3 20.cxd3 Qd8 21.f5 Bf6 22.fxe6 fxe6
23.Bxf6 Rxf6 24.e5 Rxf1+ 25.Rxf1 d5 26.Qf2 Qe7 27.Rc1 Rc6 28.h4 h6 29.g3 Qc7
30.Qf4 Qa7 31.Kg2 Rc8 32.b4 c4 33.dxc4 dxc4 34.Rxc4 Rf8 35.Qd4 Qf7 36.Rc2 Qf1+
37.Kh2 Qe1 38.Qc4 Rf3 39.Qxe6+ Kh7 40.Qh3 Qxe5 41.Qg2 Re3 42.Rc5 Qd6 43.Qf2 Ra3
44.Qf5+ Qg6 45.Qxg6+ Kxg6 46.Rc2 Ra4 47.Kh3 h5 48.Kg2 Kf7 49.Rb2 g5 50.hxg5 Kg6
51.Kh3 Kxg5 52.Rc2 Rxb4 53.Rc5+ Kg6 54.Rc6+ Kg5 55.Rxa6 Rb2 56.Ra8 Rc2 57.a4 Ra2
58.a5 Ra4 59.a6 Kg6 60.Kg2 Ra3 61.Kf2 Kg7 62.Ra7+ Kg6 63.Ra8 Kg7 64.a7 Kh7
65.Ke2 Kg7 66.Kd2 Kh7 67.Kc2 Kg7 68.Kb2 Ra6 69.Kc3 Kh7 70.Kd4 Ra5 71.Kc4 Kg7
72.Kb4 Ra1 73.Kc5 Rc1+ 74.Kb6  1/2-1/2

[Event "Open A"]
[Site "Pardubice CZE"]
[Date "2005.07.28"]
[Round "7"]
[White "Skytte,R"]
[Black "Prokuronov,E"]
[Result "0-1"]
[WhiteElo "2399"]
[BlackElo "2232"]

1.e4 c5 2.Nf3 e6 3.d4 cxd4 4.Nxd4 Nc6 5.Nc3 Qc7 6.Be2 a6 7.O-O Nf6 8.Kh1 Nxd4
9.Qxd4 Bc5 10.Qd3 b5 11.f4 Bb7 12.Bf3 O-O 13.e5 Ne8 14.a4 b4 15.Bxb7 Qxb7
16.Ne4 Be7 17.f5 f6 18.fxe6 dxe6 19.exf6 Nxf6 20.Nxf6+ Bxf6 21.Rb1 Qc6 22.Bd2 a5
23.b3 Rad8 24.Qe2 Rd5 25.Be3 Re5 26.Qf2 Qe4 27.Bb6 Rf5 28.Qg1 Qxc2 29.Rxf5 Qxf5
30.Qf1 Qg6 31.Qd1 Be7 32.Rc1 Qf5 33.Bg1 Rd8 34.Qe2 Qd5 35.Rc4 Bf6 36.h3 Bc3
37.Qe3 h6 38.Qb6 Rf8 39.Qb5 Kh8 40.Qb6 Kh7 41.Qe3 e5 42.Rc7 Qxb3  0-1

[Event "MTO Open"]
[Site "Biel SUI"]
[Date "2005.07.29"]
[Round "11"]
[White "Dvoirys,S"]
[Black "Illijin,N"]
[Result "1-0"]
[WhiteElo "2589"]
[BlackElo "2242"]

1.e4 c5 2.Nf3 e6 3.d4 cxd4 4.Nxd4 Nc6 5.Nc3 Qc7 6.f4 a6 7.Be3 Nge7 8.Nb3 d5
9.exd5 Nxd5 10.Nxd5 exd5 11.Qxd5 Be6 12.Qe4 O-O-O 13.Bd3 Bb4+ 14.Kf2 Bd5
15.Qf5+ Be6 16.Qg5 h6 17.Qg3 g5 18.Rhf1 Rhg8 19.Kg1 Bd6 20.Qf2 gxf4 21.Bxf4 Bd5
22.Bxd6 Rxd6 23.Qf5+ Kb8 24.Be4 Bxe4 25.Qxe4 Rdg6 26.Rf2 Rg4 27.Qe3 f5 28.Re1 Qg7
29.Qf3 h5 30.Ref1 h4 31.c3 Ka8 32.Nc5 Qc7 33.Kh1 Qd6 34.b4 R4g5  1-0

[Event "Open Dutch Championship"]
[Site "Dieren NED"]
[Date "2005.07.29"]
[Round "4"]
[White "Burg,T"]
[Black "Rietveld,R"]
[Result "1-0"]
[WhiteElo "2218"]
[BlackElo "2154"]

1.e4 c5 2.Nf3 e6 3.d4 cxd4 4.Nxd4 Nc6 5.Nc3 Qc7 6.Be2 a6 7.Be3 Nf6 8.O-O Bb4
9.Na4 Be7 10.Nxc6 bxc6 11.Nb6 Rb8 12.Nxc8 Qxc8 13.e5 Nd5 14.Bc1 c5 15.c3 O-O
16.Qd3 a5 17.Qg3 Kh8 18.Bf3 Nb6 19.Be4 Qc7 20.Bf4 Nc8 21.b3 c4 22.Bc2 Nb6
23.Be4 Nc8 24.Rad1 cxb3 25.axb3 Rxb3 26.Rd3 Qc4 27.Re3 Rxc3 28.Rxc3 Qxe4
29.Bg5 Bb4 30.Re3 Qc4 31.Rf3 Nb6 32.Rc1 Qe2 33.Re3 Qh5 34.Re4 f6 35.Be3 Nd5
36.Rh4 Qxe5 37.Qg6 Kg8 38.Rxh7 f5 39.Qh5  1-0

[Event "Open Dutch Championship"]
[Site "Dieren NED"]
[Date "2005.07.29"]
[Round "4"]
[White "Pruijssers,R"]
[Black "Livshits,G"]
[Result "1-0"]
[WhiteElo "2261"]
[BlackElo "2375"]

1.e4 c5 2.Nf3 e6 3.d4 cxd4 4.Nxd4 Nc6 5.Nc3 Qc7 6.Be3 a6 7.Bd3 Nf6 8.O-O Bd6
9.f4 Nxd4 10.e5 Bxe5 11.fxe5 Qxe5 12.Qd2 Nc6 13.Rae1 b5 14.Bg5 Qd4+ 15.Kh1 d5
16.Bxf6 gxf6 17.Rf4 Qc5 18.Rxf6 Bb7 19.Qh6 O-O-O 20.Rxf7 e5 21.Qg7 Ba8 22.a4 e4
23.axb5 Rhg8 24.Qf6 exd3 25.bxc6 Bxc6 26.Re6 Bb7 27.Rb6 Rge8 28.Qf5+ Kb8
29.Rbxb7+ Ka8 30.Ra7+ Qxa7 31.Rxa7+ Kxa7 32.Qf2+ d4 33.cxd3 Re3 34.Qd2 h5
35.h4 Rg8 36.Nb5+ axb5 37.Qa5+ Kb7 38.Qxb5+ Ka7  1-0

[Event "Open Dutch Championship"]
[Site "Dieren NED"]
[Date "2005.07.29"]
[Round "4"]
[White "Kurenkov,N"]
[Black "Van der Elburg,F"]
[Result "0-1"]
[WhiteElo "2455"]
[BlackElo "2290"]

1.e4 c5 2.Nf3 e6 3.d4 cxd4 4.Nxd4 Nc6 5.Nc3 Qc7 6.Be2 a6 7.O-O Nf6 8.Kh1 Nxd4
9.Qxd4 Bc5 10.Qd3 b5 11.f4 h5 12.e5 Ng4 13.Bf3 Bb7 14.Bxb7 Qxb7 15.Ne4 Be7
16.a4 b4 17.Bd2 Nh6 18.Nd6+ Bxd6 19.Qxd6 a5 20.c3 Nf5 21.Qc5 bxc3 22.Qxc3 O-O
23.Rab1 Qe4 24.b3 Rfc8 25.Qf3 Qc2 26.Qd1 Qe4 27.Qf3 Qc2 28.Rfd1 Nd4 29.Qe3 Nf5
30.Qe1 Nd4 31.Rdc1 Qa2 32.Rc3 Rxc3 33.Bxc3 Nxb3 34.Qd1 Nc5 35.Ra1 Qc4 36.Qd4 Qxd4
37.Bxd4 Nb3 38.Rd1 Nxd4 39.Rxd4 Rb8 40.Kg1 Rb4 41.Rxd7 Rxf4  0-1

[Event "Open A"]
[Site "Pardubice CZE"]
[Date "2005.07.29"]
[Round "8"]
[White "Satyapragyan,S"]
[Black "Haba,P"]
[Result "0-1"]
[WhiteElo "2397"]
[BlackElo "2526"]

1.e4 c5 2.Nf3 e6 3.d4 cxd4 4.Nxd4 Nc6 5.Nc3 Qc7 6.Be3 h6 7.Qd2 Nf6 8.O-O-O Bb4
9.f3 Ne5 10.Nb3 b5 11.Qe1 Nc4 12.Bd4 O-O 13.e5 Bxc3 14.Bxc3 Nd5 15.Bd4 a5
16.Nc5 a4 17.a3 f6 18.exf6 Nxf6 19.Kb1 e5 20.Bf2 d5 21.Nd3 d4 22.Nb4 Bb7
23.Bg3 Rae8 24.Bxc4+ bxc4 25.Rxd4 c3 26.bxc3 Qc5 27.Rd1 Nd5 28.Kb2 Ne3 29.Rd7 Bc8
30.Bf2 Bxd7 31.Bxe3 Qc4 32.Qd1 Be6 33.Qd3 Qc7 34.Qa6 Qd7 35.Qc6 Rf7 36.Rd1 Qxc6
37.Nxc6 Rb7+ 38.Nb4 Rd7 39.Re1 Bc4 40.Bd4 Re6 41.Bxe5 Rd2 42.f4 Rxg2 43.Re4 Bf1
44.c4 Rxh2 45.c5 Bb5 46.f5 Re8 47.c6 Re2 48.Rxe2 Bxe2 49.c7 Bg4 50.Kc3 Bxf5
51.Kd4 h5 52.Nd5 h4 53.Nb6 h3 54.Bg3 Re4+ 55.Kd5 Re3 56.Bd6 Rxa3 57.c4 Re3
58.Nxa4 Rd3+ 59.Ke5 Rxd6  0-1

[Event "Open Dutch Championship"]
[Site "Dieren NED"]
[Date "2005.07.30"]
[Round "5"]
[White "Van Kerkhof,D"]
[Black "Van der Werf,M"]
[Result "1/2-1/2"]
[WhiteElo "2170"]
[BlackElo "2397"]

1.e4 c5 2.Nf3 e6 3.d4 cxd4 4.Nxd4 Nc6 5.Nc3 Qc7 6.g3 a6 7.Bg2 Nf6 8.O-O Nxd4
9.Qxd4 Bc5 10.Bf4 d6 11.Qd2 h6 12.Rad1 e5 13.Be3 Be6 14.Bxc5 dxc5 15.Nd5 Bxd5
16.exd5 Qd6 17.c4 O-O 18.Rfe1 Rfe8 19.a4 a5 20.Re2  1/2-1/2

[Event "15th ETC Women"]
[Site "Gothenburg SWE"]
[Date "2005.07.30"]
[Round "1"]
[White "Hernandez,Yu"]
[Black "Prudnikova,S"]
[Result "0-1"]
[WhiteElo "2234"]
[BlackElo "2370"]

1.e4 c5 2.Nf3 Nc6 3.d4 cxd4 4.Nxd4 e6 5.Nc3 Qc7 6.Be2 a6 7.O-O Nf6 8.Be3 Be7
9.Kh1 O-O 10.f4 d6 11.Qe1 Nxd4 12.Bxd4 b5 13.a3 Bb7 14.Qg3 Bc6 15.Rae1 Qb7
16.Bd3 b4 17.Nb1 g6 18.Nd2 Nh5 19.Qg4 bxa3 20.bxa3 f5 21.exf5 exf5 22.Qe2 Bf6
23.Nb3 Rae8 24.Qd2 Be4 25.Bxe4 Rxe4 26.Bxf6 Rxf6 27.Na5 Qb5 28.c4 Qc5 29.Rb1 Rfe6
30.Nb7 Qd4 31.Qxd4 Rxd4 32.Rbd1 Rxc4 33.Nxd6 Rc2 34.Rfe1 Nxf4 35.Rxe6 Nxe6
36.g3 Ng5 37.Rd3 Rf2 38.Kg1 Nh3+ 39.Kh1 g5 40.Rd5 g4  0-1

[Event "15th ETC Women"]
[Site "Gothenburg SWE"]
[Date "2005.07.30"]
[Round "1"]
[White "Jelica,M"]
[Black "Galojan,L"]
[Result "0-1"]
[WhiteElo "2191"]
[BlackElo "2223"]

1.e4 c5 2.Nf3 Nc6 3.d4 cxd4 4.Nxd4 e6 5.Nc3 Qc7 6.Be3 a6 7.Be2 Nf6 8.O-O b5
9.a3 Bb7 10.f4 Bc5 11.e5 Qb6 12.Bf3 Bxd4 13.Bxd4 Nxd4 14.Bxb7 Nf5+ 15.Rf2 Qxb7
16.exf6 gxf6 17.Qh5 d5 18.Re1 O-O-O 19.Kh1 Rhg8 20.Qf3 h5 21.Ne2 h4 22.Qc3+ Kb8
23.Qxf6 d4 24.Kg1 Ne3 25.Qe5+ Ka8 26.g3 Nxc2 27.Rd1 d3 28.Nc3 hxg3 29.hxg3 Rxg3+
30.Kh2 Rg6 31.Ne4 Ne3 32.Rg1 Ng4+ 33.Rxg4 Rxg4 34.Qf6 Qb8 35.Ng5 d2 36.Nxf7 d1=Q
37.Rg2 Rxg2+ 38.Kxg2 Qb7+  0-1

[Event "Open A"]
[Site "Pardubice CZE"]
[Date "2005.07.30"]
[Round "9"]
[White "Venkatesh,M"]
[Black "Laznicka,V"]
[Result "1/2-1/2"]
[WhiteElo "2435"]
[BlackElo "2517"]

1.e4 c5 2.Nf3 e6 3.d4 cxd4 4.Nxd4 Nc6 5.Nc3 a6 6.Be2 Qc7 7.O-O Nf6 8.Be3 Bb4
9.Na4 Be7 10.Nxc6 bxc6 11.Nb6 Rb8 12.Nxc8 Qxc8 13.e5 Nd5 14.Bc1 Bc5 15.Qd3 Qc7
16.Qg3 Bd4 17.Qxg7 Qxe5 18.Qxe5 Bxe5 19.c3 Bf4 20.Rb1 Bxc1 21.Rfxc1 a5 22.c4 Nf6
23.Bf3 Ke7 24.Kf1 Rb4 25.Ke1 Rhb8 26.Rc2 Kd6 27.Kd2 Kc5 28.Be2 Ne4+ 29.Ke3 Nd6
30.Bd3 h6 31.b3 a4 32.Rc3 axb3 33.axb3 Ra8 34.g4 Ra2 35.Rc2 Ra3 36.Rc3 Nb7
37.h4 Kd6 38.Bc2 Nc5 39.f4 Ke7 40.h5 Rb8 41.Kd4 Na6 42.b4 Ra2 43.b5 c5+ 44.Ke3 Nb4
45.Be4 Rg8 46.Kf3 f5 47.gxf5 Rag2 48.f6+ Kxf6 49.Bg6 Rh2 50.Rcc1 Ra8 51.Ra1 Rha2
52.Rxa2 Rxa2 53.Rd1 d5 54.f5 Ra3+ 55.Ke2 Ra2+  1/2-1/2

[Event "Open A"]
[Site "Pardubice CZE"]
[Date "2005.07.30"]
[Round "9"]
[White "Vovk,Y"]
[Black "Zakhartsov,V"]
[Result "0-1"]
[WhiteElo "2435"]
[BlackElo "2534"]

1.e4 c5 2.Nf3 e6 3.d4 cxd4 4.Nxd4 Nc6 5.Nc3 Qc7 6.Be3 a6 7.Qd2 Nf6 8.O-O-O Bb4
9.f3 Ne5 10.Nb3 b5 11.Kb1 Be7 12.Qe1 d6 13.f4 Nc4 14.Bxc4 Qxc4 15.e5 dxe5
16.fxe5 Nd7 17.Qg3 Qc7 18.Ne4 O-O 19.Nd6 Bxd6 20.Rxd6 f6 21.exf6 Nxf6 22.Nc5 Ne8
23.Rd2 Qxg3 24.hxg3 Nf6 25.Re1 e5 26.a4 bxa4 27.Nxa4 Bf5 28.Bc5 Rfe8 29.Nc3 Rac8
30.Bd6 Rcd8 31.Kc1 e4 32.Nd1 Ng4 33.c4 e3 34.Rd4 Re6 35.c5 h5 36.Rf4 g6 37.Rxg4 Bxg4
38.Nxe3 Rde8 39.Kd2 g5 40.Bc7 Kg7 41.Bd6 Kg6 42.Bc7 Re4 43.Bd6 Bd7 44.Nc2 Rxe1
45.Nxe1 Bb5 46.Nf3 Bf1 47.c6 Bxg2 48.Nd4 h4 49.gxh4 gxh4 50.c7 Bb7 51.b4 Kg5
52.b5 axb5 53.Nxb5 Kg4 54.Kc3 Kf3 55.Kb4 Bc8 56.Kc5 Bd7 57.Na7 h3 58.Nc6 Kg2
59.Na7 Rg8 60.Bf4 Rg4 61.Bd6 Rg3 62.Bxg3 Kxg3 63.Kd6 Bg4 64.Nc6 h2 65.Ne5 Bc8  0-1

[Event "Open A"]
[Site "Pardubice CZE"]
[Date "2005.07.30"]
[Round "9"]
[White "Petrik,T"]
[Black "Comas Fabrego,L"]
[Result "1/2-1/2"]
[WhiteElo "2451"]
[BlackElo "2513"]

1.e4 c5 2.Nf3 e6 3.d4 cxd4 4.Nxd4 Nc6 5.Nc3 Qc7 6.Be2 a6 7.O-O Nf6 8.Be3 Be7
9.f4 d6 10.a4 O-O 11.Kh1 Re8 12.Bf3 Bd7 13.Nb3 b6 14.g4 Bc8 15.g5 Nd7 16.Bg2 Bf8
17.Qd2 Na5 18.Qf2 Nc4 19.Bc1 g6 20.Nd4 Na5 21.Be3 Nc4 22.Bc1 Na5 23.Be3 Nc4  1/2-1/2

[Event "Open A"]
[Site "Pardubice CZE"]
[Date "2005.07.30"]
[Round "9"]
[White "Czarnota,P"]
[Black "Jasik,K"]
[Result "1-0"]
[WhiteElo "2461"]
[BlackElo "2341"]

1.e4 c5 2.Nf3 Nc6 3.Nc3 e6 4.d4 cxd4 5.Nxd4 Nf6 6.Be2 Bb4 7.O-O O-O 8.Nxc6 dxc6
9.e5 Nd7 10.f4 f6 11.exf6 Nxf6 12.Bd3 Qa5 13.Qe2 Bxc3 14.bxc3 Bd7 15.Rb1 b6
16.c4 Rae8 17.Bb2 Qc5+ 18.Kh1 e5 19.fxe5 Ng4 20.h3 Nf2+ 21.Kh2 Re6 22.Kg3 h5
23.Rbe1 h4+ 24.Kh2 Be8 25.Qd2 b5 26.Bd4  1-0

[Event "It"]
[Site "Charleroi BEL"]
[Date "2005.07.31"]
[Round "3"]
[White "Wantiez,F"]
[Black "Plachetka,J"]
[Result "0-1"]
[WhiteElo "2265"]
[BlackElo "2459"]

1.e4 c5 2.Nf3 Nc6 3.d4 cxd4 4.Nxd4 e6 5.Nc3 d6 6.g4 a6 7.Be3 Nge7 8.Nb3 b5
9.Qd2 Bb7 10.O-O-O Ng6 11.f4 Rc8 12.h4 Na5 13.h5 Nxb3+ 14.axb3 b4 15.Nd5 exd5
16.hxg6 fxg6 17.exd5 Qa5 18.Qd4 Kf7 19.g5 Re8 20.Bf2 Bc8 21.Kb1 Bg4 22.Re1 Rxe1+
23.Bxe1 Qc5 24.Qxc5 dxc5 25.Bxa6 Bd6 26.Bc4 h5 27.gxh6 gxh6 28.Bd2 h5 29.Bd3 h4
30.c4 h3 31.Kc2 Bf3 32.Rh2 Bg2 33.Be2 g5 34.Bg4 gxf4 35.Bxh3 Bxh3 36.Bxf4 Bxf4
37.Rf2 Bf5+ 38.Kd1 Rh1+  0-1

[Event "15th ETC Women"]
[Site "Gothenburg SWE"]
[Date "2005.07.31"]
[Round "2"]
[White "Vajda,S"]
[Black "Botsari,A"]
[Result "1/2-1/2"]
[WhiteElo "2392"]
[BlackElo "2297"]

1.e4 c5 2.Nf3 e6 3.d4 cxd4 4.Nxd4 Nc6 5.Nc3 Qc7 6.g3 a6 7.Bg2 Nf6 8.O-O Bc5
9.Bf4 Ne5 10.Na4 Ba7 11.c4 d6 12.Rc1 Bd7 13.c5 O-O 14.b4 Bxa4 15.Qxa4 dxc5
16.bxc5 Bxc5 17.Nb3 b6 18.Nxc5 bxc5 19.Rfd1 Nfd7 20.Qa3 f6  1/2-1/2

[Event "Open Dutch Championship"]
[Site "Dieren NED"]
[Date "2005.08.01"]
[Round "6"]
[White "Rothuis,V"]
[Black "De Kleuver,E"]
[Result "1-0"]
[WhiteElo "2276"]
[BlackElo "2159"]

1.e4 c5 2.Nf3 e6 3.d4 cxd4 4.Nxd4 Nc6 5.Nc3 d6 6.Be3 Nf6 7.Bc4 Be7 8.Qe2 Bd7
9.f4 Rc8 10.O-O O-O 11.Rad1 Qc7 12.Bb3 Nxd4 13.Bxd4 e5 14.Be3 Bg4 15.Qd3 Bxd1
16.Qxd1 d5 17.fxe5 Qxe5 18.Rf5 Qe6 19.Nxd5 Qxe4 20.Qd4 Rfe8 21.Qxe4 Nxe4
22.Ba4 b5 23.Bxb5 Nd6 24.Bxe8 Nxf5 25.Bd7 Rd8 26.Nxe7+ Nxe7 27.Bg4 Nc6 28.c4 Ne5
29.Be2 Rd7 30.c5 a5 31.Kf1 Kf8 32.a3 Rb7 33.Bd4 Nc6 34.Bf3 Rc7 35.Bc3 f6
36.Bxc6 Rxc6 37.Bxa5 Ke8 38.Bb6 Kd7 39.b4 Re6 40.b5 Re4 41.c6+ Kc8 42.Kf2 Ra4
43.Ke3 Rxa3+ 44.Kd4 Ra2 45.Bc5 Rxg2 46.b6 Rd2+ 47.Kc4 Rc2+ 48.Kd5 Rd2+ 49.Ke6 Re2+
50.Kf7 Rd2 51.Be3 Rb2 52.b7+ Kd8 53.Bf4 g5 54.c7+  1-0

[Event "Open Dutch Championship"]
[Site "Dieren NED"]
[Date "2005.08.01"]
[Round "6"]
[White "Beeke,B"]
[Black "Rietveld,R"]
[Result "1-0"]
[WhiteElo "2195"]
[BlackElo "2154"]

1.e4 c5 2.Nf3 e6 3.Nc3 Nc6 4.d4 cxd4 5.Nxd4 Nf6 6.Ndb5 d6 7.Bf4 e5 8.Bg5 a6
9.Na3 b5 10.Bxf6 gxf6 11.Nd5 f5 12.c3 Bg7 13.exf5 Bxf5 14.Nc2 O-O 15.Nce3 Be6
16.Bd3 f5 17.Bc2 Kh8 18.Qh5 Qd7 19.Rd1 Qf7 20.Qxf7 Rxf7 21.Nb6 Rd8 22.Bb3 Bxb3
23.axb3 Rb7 24.Nbd5 b4 25.Nxf5 bxc3 26.Nxc3 Rxb3 27.Nxd6 Rdb8 28.Ra1 a5 29.Nd1 Bf8
30.Nc4 Bb4+ 31.Kf1 Bc5 32.Nxa5 Nxa5 33.Rxa5 Rd8 34.Ra1 Rbd3 35.Ke2 Rd2+ 36.Kf3 Rf8+
37.Ke4 Bxf2 38.Rf1 Kg7 39.Nxf2 Rfxf2 40.Rxf2 Rxf2 41.Rb1 Kf6 42.b4 Rd2 43.b5 Rd4+
44.Ke3 Rd7 45.b6 Rb7 46.Ke4 Ke6 47.Rb3 Kd6 48.g4 Ke6 49.Rh3 Kd6 50.Rh6+ Kc5
51.Kxe5 Rg7 52.Kf5 Kd5 53.g5 Kc5 54.h4 Kb5 55.h5  1-0